000 00489nam a2200193Ia 4500
005 20250423100629.0
008 250422s9999 xx 000 0 und d
020 _a9781133108672
050 _aTA 710 .D37/
100 _aDas, Braja M.
245 0 _aPrinciples of geotechnical engineering
250 _a8th ed.
260 _aUnited State
260 _bCengage learning
260 _c2014
300 _a726 p
650 _aSoil mechanics. Geotechnical engineering.
942 _cBK
999 _c33882
_d33882